| 000 | 00583nam a2200241Ia 4500 | ||
|---|---|---|---|
| 003 | OSt | ||
| 005 | 20221005123822.0 | ||
| 006 | a|||||r|||| 00| 0 | ||
| 007 | ta | ||
| 008 | 221004b |||||||| |||| 00| 0 tam d | ||
| 024 | _a46191 | ||
| 037 | _cTextual | ||
| 040 |
_aCRL _cCRL _btam |
||
| 041 |
_2tam _atam |
||
| 082 | _aO31,3NSE2,1, L7 | ||
| 100 |
_aSelvaraj _9634266 |
||
| 245 | 0 | _aMalarumcha rukum | |
| 260 | _c1977 | ||
| 300 |
_a191 _ccm. |
||
| 650 | _aTAMIL FICTION | ||
| 942 |
_hO31,3NSE2,1, L7 _cTEXL _2cc |
||
| 999 |
_c1048575 _d1048575 |
||